| 000 | 00913nam a2200301 a 4500 | ||
|---|---|---|---|
| 999 |
_c4640 _d4640 |
||
| 001 | 010751023 | ||
| 003 | ALUPE UNIVERSITY | ||
| 005 | 20220325100329.0 | ||
| 008 | 500101s1991 enk b 001 0 eng d | ||
| 010 | _aLC 90-2226 | ||
| 020 | _a0750610336 | ||
| 035 | _aOCLC 21762873 from jmbo25 | ||
| 040 |
_aDNLM/DLC _cALUPE UNIVERSITY |
||
| 050 | 0 |
_aRE545 _b.G74 1990 |
|
| 060 | 0 | _aWW 270 G844v | |
| 082 |
_a617.7/3 _220 |
||
| 092 | _aD0400781787 | ||
| 100 | 1 | _aGrey, Rodney H. B. | |
| 245 | 1 | 0 |
_aVascular disorders of the ocular fundus : _ba colour manual of diagnosis / _cRodney H.B. Grey |
| 260 |
_aLondon : _bButterworths, _c1991 |
||
| 300 | _aviii, 118 p | ||
| 500 | _aIncludes index | ||
| 504 | _aIncludes bibliographical references | ||
| 650 | 0 |
_aFundus oculi _xBlood-vessels _xDiseases _xDiagnosis |
|
| 830 | 0 | _aColour manuals in ophthalmology | |
| 942 |
_2lcc _cBK _nJO |
||